00314nam a22000737a 4500008004100000040005500041245006400096260008000160230817b |||||||| |||| 00| 0 eng d aNational Science LibrarycNational Science Library aTechnical papers division of division of entomology (CSIRO) aMelbourne: bCommonwealth Scientific and Industrial Research Organization,